000 01141cam a22002774a 4500
999 _c442
_d442
001 15815706
003 GZU
005 20200827144124.0
008 090714s2010 nyu b 001 0 eng
010 _a 2009028593
020 _a9780073386638 (alk. paper)
020 _a0073386634 (alk. paper)
040 _aDLC
_cDLC
_dDLC
050 0 0 _aBJ1031
_b.BOS 2008
100 1 _aBoss, Judith A.,
_d1942-
_eauthor
245 1 0 _aAnalyzing moral issues /
_cJudith A. Boss.
250 _a5th ed.
260 _aNew York, NY :
_bMcGraw-Hill Higher Education,
_cc2010.
300 _axiv, 700p. ;
_c23 cm.
500 _aIncludes bibliographical references and index.
504 _aIncludes bibliographical references and index.
505 0 _aMoral theory -- Abortion -- Genetic engineering, cloning, and stem cell research -- Euthanasia and assisted suicide -- The death penalty -- Drug and alcohol use -- Sexual intimacy and marriage -- Feminism, motherhood, and the workplace -- Freedom of speech -- Racial discrimination and global justice.
650 0 _aEthical problems.
650 0 _aApplied ethics.
942 _2lcc
_cBK
_e4th ed.
_h1031
_iBOS
_kBJ